1814 1508 1586 1334 1738 1805 1117 1531 1762 1401 1025 1602 1058 1899 1220 1373 1034 1973 1349 1599 1080 1321 1535 1727 1740 1382 1932 1732 1522 1828 1283 1776 1083 1938 1056 1520 1941 1334 1694 1772 1190 1200 1138 1111 1564 1402 1140 1163 1927 1656 1637 1119 1017 1052 1516 1146 1978 1828 1279 1777 1878 1689 1357 1241 1953 1267 1073 1166 1842 1803 1041 1063 1296 1135 1830 1418 1090 1726 1960 1732 1865 1501 1386 1028 1886 1585 1781 1947 1539 1652 1993 1076 1177 1531 1769 1049 1261 1570 1218 BCNSPRNW ULIB Ver.6.0+V

เปลี่ยนเป็นภาษาไทย

Change to English
 แสดงรายละเอียดบรรณานุกรม
  กลับหน้าหลัก

Brief Record : Get Marc (ISO 2709) : E-mail record : QR code < ปิดหน้าต่าง
LEADER : 00000nam 2200000uu 4500
001    13399110617
003     ULIB
008    110606s2544||||th 000 0 tha d
020    9789743355271
060 04 WU113^bส785ห 2544
100 0  สุมนา สวัสดิ์-ชูโต
245 10 หมอฟัน /^cสุมนา สวัสดิ์-ชูโย ; บรรณาธิการ,โชติกานต์ เที่ยงธรรม
260    กรุงเทพฯ :^bสนุกอ่าน,^c2544
300    144 หน้า :^bภาพประกอบ ;^c21 ซม.
440  0 หนังสือเพื่อสุขภาพฟันที่ดี
650  7 ฟัน^xการดูแลและสุขวิทยา
650  7 สุขภาพช่องปาก
650  7 ฟัน, การดูแล
945    ^p150^l0^i015743
945    ^p150^l0^i015742
945    ^p150^l0^i015741
995    เกษร
999 ^a ใช้งานได้ทุกระบบ
รายการนี้ยังไม่มีแท็ก
คุณยังไม่ได้ล็อกอิน คุณสามารถมีกิจกรรมร่วมกับเว็บไซต์ได้ แต่ต้องล็อกอินก่อน ::
  ล็อกอิน

รายการสื่อสารสนเทศ

ลำดับที่ ประเภท เลขเรียก/บาร์โค้ด สถานที่ สถานะ
- ไม่พบข้อมูล -

รายการใกล้เคียง
    หัวเรื่อง [สุขภาพช่องปาก]

BibComment


ยังไม่เคยถูกคอมเมนท์

คอมเมนท์ทรัพยากรรายการนี้
  คอมเมนท์: หมอฟัน สุมนา สวั..


 Copyright 2026. Bcnsprnw @Library